[Event "22nd Biel Festival"]
[Site "Biel SUI"]
[Date "1989.07.19"]
[Round "1"]
[White "Torre, Eugenio"]
[Black "Sokolov, Ivan"]
[Result "1/2-1/2"]
[WhiteElo "2560"]
[BlackElo "2525"]
[EventDate "1989.07.19"]
[PlyCount "43"]

1.d4 Nf6 2.Nf3 g6 3.Bg5 Bg7 4.c3 O-O 5.Nbd2 d5 6.e3 Nbd7 7.Be2 Re8 8.O-O 
e5 9.c4 exd4 10.Nxd4 Nc5 11.cxd5 Qxd5 12.Bf4 c6 13.Bf3 Qd8 14.Qc2 Ne6 15.
Nxe6 Bxe6 16.Rfd1 Qe7 17.Nc4 Qc5 18.Rac1 Rad8 19.Bd6 Qg5 20.Bf4 Qc5 21.Bd6
Qg5 22.Bf4 1/2-1/2

[Event "22nd Biel Festival"]
[Site "Biel SUI"]
[Date "1989.07.20"]
[Round "2"]
[White "Hellers, Ferdinand"]
[Black "Torre, Eugenio"]
[Result "1/2-1/2"]
[WhiteElo "2560"]
[BlackElo "2560"]
[EventDate "1989.07.19"]
[PlyCount "85"]

1.e4 e5 2.Nf3 Nc6 3.Bb5 a6 4.Ba4 Nf6 5.O-O Be7 6.Re1 b5 7.Bb3 d6 8.c3 O-O 
9.h3 Na5 10.Bc2 c5 11.d4 Nc6 12.Nbd2 cxd4 13.cxd4 exd4 14.Nb3 Nb4 15.Nbxd4
Nxc2 16.Qxc2 Bd7 17.Bg5 h6 18.Bh4 Nh5 19.Bxe7 Qxe7 20.Rad1 Rac8 21.Qd2 Nf6
22.Nf5 Bxf5 23.exf5 Qd7 24.Qxd6 Qxd6 25.Rxd6 Rc2 26.Rb1 Ra8 27.Nd4 Rc4 28.
b3 Rc5 29.Re1 Rd5 30.Rxd5 Nxd5 31.a3 Kf8 32.Rc1 Ke7 33.Rc6 Kd7 34.b4 Ne7 
35.Rc5 Rc8 36.Rxc8 Nxc8 37.Kf1 Nd6 38.Ke2 Nc4 39.Nc2 Kd6 40.f4 Kd5 41.Kd3 
Nb2+ 42.Kc3 Nc4 43.Kd3 1/2-1/2

[Event "22nd Biel Festival"]
[Site "Biel SUI"]
[Date "1989.07.20"]
[Round "2"]
[White "Hort, Vlastimil"]
[Black "Sokolov, Ivan"]
[Result "0-1"]
[WhiteElo "2570"]
[BlackElo "2525"]
[EventDate "1989.07.19"]
[PlyCount "126"]

1.d4 Nf6 2.c4 g6 3.Nf3 Bg7 4.g3 c5 5.d5 b5 6.cxb5 Qa5+ 7.Bd2 Qxb5 8.Nc3 
Qb7 9.Bg2 d6 10.O-O O-O 11.h3 Na6 12.e4 Nd7 13.Rb1 Rb8 14.Bf4 Qc7 15.Qd2 
Qa5 16.Rfe1 Nb6 17.Bf1 Na4 18.Nxa4 Qxa4 19.e5 Bf5 20.b3 Qa3 21.Rbc1 Rb6 
22.g4 Bc8 23.Bh6 Nb4 24.Bxg7 Kxg7 25.Bc4 Ba6 26.exd6 exd6 27.Ng5 Bxc4 28.
Rxc4 Qxa2 29.Qc3+ Kg8 30.Ra1 Qe2 31.Re4 Nxd5 32.Qc4 Qxc4 33.bxc4 Nf6 34.
Rf4 d5 35.cxd5 h6 36.Ne4 Nxd5 37.Rf3 c4 38.Rxa7 c3 39.Nxc3 Rb3 40.Nxd5 
Rxf3 41.Kg2 Rd3 42.Nf6+ Kg7 43.Ne4 Rd4 44.f3 Rd3 45.Nc5 Rd2+ 46.Kg3 Rc8 
47.Ne4 Rd3 48.h4 Rc1 49.g5 h5 50.Kf2 Rc2+ 51.Kg3 Re2 52.Nf2 Rc3 53.Ra6 
Rcc2 54.Ne4 Rh2 55.f4 Rcg2+ 56.Kf3 Ra2 57.Rxa2 Rxa2 58.Nf6 Ra3+ 59.Kg2 Kf8
60.f5 Rd3 61.fxg6 fxg6 62.Ne4 Ke7 63.Nf2 Ra3 0-1

[Event "22nd Biel Festival"]
[Site "Biel SUI"]
[Date "1989.07.22"]
[Round "4"]
[White "Hort, Vlastimil"]
[Black "Hellers, Ferdinand"]
[Result "1/2-1/2"]
[WhiteElo "2570"]
[BlackElo "2560"]
[EventDate "1989.07.19"]
[PlyCount "51"]

1.c4 Nf6 2.Nc3 g6 3.e4 d6 4.g3 Bg7 5.Bg2 O-O 6.Nge2 c5 7.O-O Nc6 8.h3 Rb8 
9.d3 a6 10.a4 Ne8 11.Be3 Nc7 12.d4 cxd4 13.Nxd4 Ne6 14.Nce2 Bd7 15.b3 b5 
16.cxb5 axb5 17.axb5 Ncxd4 18.Nxd4 Nxd4 19.Bxd4 Rxb5 20.Bxg7 Kxg7 21.Ra7 
Be6 22.Qd4+ Kg8 23.b4 Qb6 24.Qxb6 Rxb6 25.Rb1 Rfb8 26.Rxe7 1/2-1/2

[Event "22nd Biel Festival"]
[Site "Biel SUI"]
[Date "1989.07.25"]
[Round "6"]
[White "Hort, Vlastimil"]
[Black "Polugaevsky, Lev"]
[Result "1/2-1/2"]
[WhiteElo "2570"]
[BlackElo "2595"]
[EventDate "1989.07.19"]
[PlyCount "35"]

1.d4 Nf6 2.c4 e6 3.Nc3 Bb4 4.Qc2 O-O 5.a3 Bxc3+ 6.Qxc3 b6 7.Nf3 Bb7 8.e3 
d6 9.Be2 Nbd7 10.O-O Ne4 11.Qc2 f5 12.Ne1 Qh4 13.f3 Ng5 14.Bd1 Rf6 15.Qf2 
Qh5 16.Nd3 e5 17.d5 Qe8 18.Qh4 1/2-1/2

[Event "22nd Biel Festival"]
[Site "Biel SUI"]
[Date "1989.07.28"]
[Round "9"]
[White "Sokolov, Ivan"]
[Black "Hort, Vlastimil"]
[Result "1-0"]
[WhiteElo "2525"]
[BlackElo "2570"]
[EventDate "1989.07.19"]
[PlyCount "75"]

1.d4 d5 2.c4 e6 3.Nc3 Be7 4.Nf3 Nf6 5.Bg5 h6 6.Bh4 b6 7.Qa4+ c6 8.cxd5 
exd5 9.Ne5 Qd6 10.e3 Bf5 11.Bd3 Bxd3 12.Nxd3 O-O 13.O-O a5 14.Ne5 Rc8 15.
e4 b5 16.Qc2 Nbd7 17.Nxd7 Qxd7 18.e5 Ne8 19.Bxe7 Qxe7 20.f4 Nc7 21.f5 Qf8 
22.Ne2 c5 23.Qd3 Ra6 24.Rf3 Re8 25.Nf4 Rc6 26.Rg3 c4 27.Qf3 b4 28.Nh5 g5 
29.Rc1 Kh8 30.h4 gxh4 31.Rg4 c3 32.bxc3 Nb5 33.Qxd5 Rxc3 34.Rf1 Nc7 35.Qe4
h3 36.Nf6 Rd8 37.Qf4 hxg2 38.Rg8+ 1-0

[Event "22nd Biel Festival"]
[Site "Biel SUI"]
[Date "1989.07.29"]
[Round "10"]
[White "Polugaevsky, Lev"]
[Black "Torre, Eugenio"]
[Result "1-0"]
[WhiteElo "2595"]
[BlackElo "2560"]
[EventDate "1989.07.19"]
[PlyCount "78"]

1.d4 d5 2.c4 c6 3.Nf3 Nf6 4.Nc3 dxc4 5.a4 Bf5 6.e3 e6 7.Bxc4 Bb4 8.O-O O-O
9.Nh4 Bg4 10.f3 Bh5 11.g4 Bg6 12.e4 Nbd7 13.g5 Ne8 14.Nxg6 hxg6 15.Be3 Nd6
16.Be2 Ba5 17.Kh1 Qe7 18.Rb1 Rfd8 19.b4 Bxb4 20.Rxb4 Nf5 21.exf5 Qxb4 22.
Qd2 exf5 23.Rb1 Qa5 24.Rxb7 Rab8 25.Rxb8 Rxb8 26.d5 cxd5 27.Bb5 Nb6 28.Bd4
Nc4 29.Qf4 Rd8 30.h4 Qb4 31.Qc7 Rf8 32.Bxc4 dxc4 33.Qe5 f6 34.Qe6+ Kh7 35.
gxf6 Qb7 36.Nd5 gxf6 37.Kg2 Kh6 38.Nxf6 Rd8 39.Ng8+ Kh5 1-0

[Event "22nd Biel Festival"]
[Site "Biel SUI"]
[Date "1989.07.31"]
[Round "11"]
[White "Hellers, Ferdinand"]
[Black "Hort, Vlastimil"]
[Result "1/2-1/2"]
[WhiteElo "2560"]
[BlackElo "2570"]
[EventDate "1989.07.19"]
[PlyCount "53"]

1.e4 e5 2.Nf3 Nc6 3.Bb5 a6 4.Ba4 d6 5.Bxc6+ bxc6 6.d4 exd4 7.Qxd4 c5 8.Qd3
Bb7 9.Nc3 Nf6 10.O-O Be7 11.b3 O-O 12.Bb2 Re8 13.Rfe1 Bf8 14.Rad1 Qc8 15.
h3 h6 16.e5 dxe5 17.Nxe5 Re6 18.Na4 Qe8 19.Qc4 Qb5 20.Nd3 Rxe1+ 21.Rxe1 
Qxc4 22.bxc4 Nd7 23.Ba3 Bc6 24.Naxc5 Nb6 25.Ne5 Be8 26.Ned3 Bc6 27.Ne5 
1/2-1/2

[Event "22nd Biel Festival"]
[Site "Biel SUI"]
[Date "1989.07.31"]
[Round "11"]
[White "Sokolov, Ivan"]
[Black "Polugaevsky, Lev"]
[Result "0-1"]
[WhiteElo "2525"]
[BlackElo "2595"]
[EventDate "1989.07.19"]
[PlyCount "96"]

1.d4 Nf6 2.c4 e6 3.Nc3 Bb4 4.Qc2 O-O 5.a3 Bxc3+ 6.Qxc3 b6 7.Bg5 Bb7 8.f3 
h6 9.Bh4 d5 10.e3 Nbd7 11.c5 c6 12.Bd3 a5 13.b4 Ne4 14.Bxe4 Qxh4+ 15.g3 
Qf6 16.Bc2 axb4 17.axb4 Rxa1+ 18.Qxa1 Ra8 19.Qc3 bxc5 20.bxc5 e5 21.Kf2 
exd4 22.exd4 Ba6 23.Ne2 Bc4 24.Re1 g6 25.Kg2 Re8 26.Nf4 Rxe1 27.Qxe1 Qxd4 
28.Bxg6 Qb2+ 29.Kh3 Qe5 30.Qxe5 Nxe5 31.Bc2 Bf1+ 32.Kh4 d4 33.Bd1 Nc4 34.
Ba4 Ne5 35.g4 Nxf3+ 36.Kh5 Ne5 37.g5 d3 38.gxh6 d2 39.Kg5 Nd7 40.Bd1 Nxc5 
41.Kf5 Bb5 42.Ng2 Na4 43.Ne3 Nc3 44.Bb3 Be2 45.h7+ Kxh7 46.Bxf7 Nd5 47.
Bxd5 cxd5 48.Ke5 Bf3 0-1

[Event "22nd Biel Festival"]
[Site "Biel SUI"]
[Date "1989.08.02"]
[Round "13"]
[White "Torre, Eugenio"]
[Black "Miles, Anthony John"]
[Result "1/2-1/2"]
[WhiteElo "2560"]
[BlackElo "2580"]
[EventDate "1989.07.19"]
[PlyCount "66"]

1.d4 Nf6 2.Nf3 e6 3.c4 b6 4.g3 Bb4+ 5.Bd2 Bxd2+ 6.Qxd2 Ba6 7.b3 c6 8.Bg2 
d5 9.Ne5 Nfd7 10.Nxd7 Nxd7 11.O-O O-O 12.Qb2 dxc4 13.bxc4 Bxc4 14.Na3 Ba6 
15.Bxc6 Rc8 16.Rac1 Nb8 17.Bf3 Qd6 18.Rfd1 Nc6 19.Nc2 Rc7 20.Nb4 Nxb4 21.
Rxc7 Qxc7 22.Qxb4 Rc8 23.d5 exd5 24.Rxd5 Bc4 25.Rd2 Be6 26.h4 h6 27.Bd5 
Qc1+ 28.Kg2 Rd8 29.e4 Qe1 30.Qd4 h5 31.Rd1 Qe2 32.Rd2 Qg4 33.Qc4 Bxd5 
1/2-1/2

[Event "22nd Biel Festival"]
[Site "Biel SUI"]
[Date "1989.08.02"]
[Round "13"]
[White "Polugaevsky, Lev"]
[Black "Hort, Vlastimil"]
[Result "1/2-1/2"]
[WhiteElo "2595"]
[BlackElo "2570"]
[EventDate "1989.07.19"]
[PlyCount "23"]

1.d4 d5 2.c4 e6 3.Nf3 Nf6 4.Nc3 Be7 5.Bg5 O-O 6.e3 h6 7.Bh4 b6 8.Rc1 Bb7 
9.cxd5 Nxd5 10.Bxe7 Qxe7 11.Nxd5 Bxd5 12.Bc4 1/2-1/2